Sekai nōgyōshiron /
Disimpan dalam:
| Pengarang Utama: | |
|---|---|
| Pengarang-pengarang Lain: | |
| Format: | Buku |
| Bahasa: | Japanese |
| Diterbitkan: |
Tōkyō :
Nō-san-gyoson Bunka Kyōkai,
Shōwa 51 [1976], Shōwa 58 [1983] printing.
|
| Siri: | Meiji Taishō nōsei keizai meichoshū ;
20. |
| Subjek-subjek: | |
| Penanda-penanda: |
Tambah Penanda
Tiada Penanda, Jadilah orang pertama menanda rekod ini!
|
| LEADER | 01511nam a2200349 i 4500 | ||
|---|---|---|---|
| 001 | 007769882-7 | ||
| 005 | 20024617120653.0 | ||
| 008 | 910520r19761935ja af 000 0 jpn | ||
| 010 | |a 77802995 /J | ||
| 015 | |a Ja77-2168 | ||
| 035 | 0 | |a ocm53326829 | |
| 035 | 0 | |a ocm23806821 | |
| 040 | |a DLC |c CLU |d *YNH* |d CStRLIN | ||
| 050 | 0 | |a HD2093 1975 |b .M43 1975, vol. 20 |a S419 | |
| 100 | 1 | |6 880-01 |a Satō, Masasuke. | |
| 245 | 1 | 0 | |6 880-02 |a Sekai nōgyōshiron / |c Satō Masasuke, Inada Masatane. |
| 260 | |6 880-03 |a Tōkyō : |b Nō-san-gyoson Bunka Kyōkai, |c Shōwa 51 [1976], Shōwa 58 [1983] printing. | ||
| 300 | |a 361, 19 p., [1] leaf of plates : |b ill. ; |c 22 cm. | ||
| 490 | 1 | |6 880-04 |a Meiji Taishō nōsei keizai meichoshū ; |v 20 | |
| 500 | |a Reprint of the 1935 ed. published by Nishigahara Kankōkai, Tokyo; with new explanatory text by Shinʾichirō Takakura. | ||
| 650 | 0 | |a Agriculture |x History. | |
| 650 | 0 | |a Farm management |x History. | |
| 700 | 1 | |6 880-05 |a Inada, Masatane, |d 1890-1968, |e joint author. | |
| 880 | 1 | |6 100-01 |a 佐藤昌介. | |
| 880 | 1 | 0 | |6 245-02 |a 世界農業史論 / |c 佐藤昌介, 稲田昌植. |
| 880 | |6 260-03 |a 東京 : |b 農山漁村文化協会, |c 昭和51 [1976], 昭和58 [1983] printing. | ||
| 880 | 1 | |6 490-04 |a 明治大正農政経済名著集 ; |v 20 | |
| 880 | 1 | |6 700-05 |a 稲田昌植, |d 1890-1968, |e joint author. | |
| 830 | 0 | |6 880-54 |a Meiji Taishō nōsei keizai meichoshū ; |v 20. | |
| 880 | 0 | |6 830-54 |a 明治大正農政経済名著集 ; |v 20. | |
| 988 | |a 20021214 | ||
| 906 | |0 DLC | ||


